| 000 | 00870nam a2200241 a 4500 | ||
|---|---|---|---|
| 999 |
_c12522 _d12522 |
||
| 001 | 12522 | ||
| 003 | BD-JhCC | ||
| 005 | 20220615085803.0 | ||
| 008 | 220615s19802021 bd |||| |||| 000 0 ban d | ||
| 020 | _a9789841107833 | ||
| 035 | _a(BD-JhCC)12522 | ||
| 040 |
_aBD-JhCC _dBD-JhCC |
||
| 041 | _aBangla | ||
| 082 |
_a891.443 _bRAI 2021 |
||
| 100 | _aরায়হান, জহির | ||
| 245 |
_aরচনাবলী / _cজহির রায়হান, ডক্টর আশরাফ সিদ্দিকী (সম্পা.) |
||
| 260 |
_aঢাকা : _bআহমদ পাবলিশিং হাউস, _c২০২১ |
||
| 300 |
_aখন্ড: ২ _c২১ সেমি. |
||
| 650 | _aবাংলা উপসন্যাস | ||
| 650 | _aBangla Novel | ||
| 700 | _aসিদ্দিকী, ডক্টর আশরাফ | ||
| 942 |
_2ddc _cBK |
||